<?xml version='1.0' encoding='UTF-8'?>
  <record xmlns="http://www.loc.gov/MARC21/slim">
    <leader>00000cam a2200000 i 4500</leader>
    <controlfield tag="001">ocm65745129</controlfield>
    <controlfield tag="003">OCoLC</controlfield>
    <controlfield tag="005">20250416120401.3</controlfield>
    <controlfield tag="008">911126s1992    ne            000 1 dut d</controlfield>
    <datafield tag="040" ind1=" " ind2=" ">
      <subfield code="a">NLGGC</subfield>
      <subfield code="b">dut</subfield>
      <subfield code="e">fobidrtb</subfield>
      <subfield code="c">NLGGC</subfield>
      <subfield code="d">L2U</subfield>
      <subfield code="d">OCLCO</subfield>
      <subfield code="d">OCLCQ</subfield>
      <subfield code="d">OCLCL</subfield>
      <subfield code="d">OCLCQ</subfield>
      <subfield code="d">OCLCA</subfield>
    </datafield>
    <datafield tag="015" ind1=" " ind2=" ">
      <subfield code="a">B9238344</subfield>
      <subfield code="2">bccb</subfield>
    </datafield>
    <datafield tag="020" ind1=" " ind2=" ">
      <subfield code="a">9064120943</subfield>
    </datafield>
    <datafield tag="020" ind1=" " ind2=" ">
      <subfield code="a">9789064120947</subfield>
    </datafield>
    <datafield tag="029" ind1="0" ind2=" ">
      <subfield code="a">NLGGC</subfield>
      <subfield code="b">088062473</subfield>
    </datafield>
    <datafield tag="035" ind1=" " ind2=" ">
      <subfield code="a">(OCoLC)65745129</subfield>
    </datafield>
    <datafield tag="082" ind1="0" ind2="4">
      <subfield code="a">839.316</subfield>
      <subfield code="q">OCoLC</subfield>
    </datafield>
    <datafield tag="084" ind1=" " ind2=" ">
      <subfield code="a">18.11</subfield>
      <subfield code="2">bcl</subfield>
    </datafield>
    <datafield tag="100" ind1="1" ind2=" ">
      <subfield code="a">Ritter, P.H.</subfield>
      <subfield code="q">(Pierre Henri),</subfield>
      <subfield code="c">Jr.,</subfield>
      <subfield code="d">1882-1962</subfield>
      <subfield code="1">https://id.oclc.org/worldcat/entity/E39PBJfRHbVxcgcJQdhpQm4pfq</subfield>
    </datafield>
    <datafield tag="245" ind1="1" ind2="4">
      <subfield code="a">Een geest die iets te zeggen had :</subfield>
      <subfield code="b">de briefwisseling Dr. P.H. Ritter Jr.-Frans Coenen (1916-1936) /</subfield>
      <subfield code="c">bezorgd en van aant. voorz. door Jan J. van Herpen.</subfield>
    </datafield>
    <datafield tag="260" ind1=" " ind2=" ">
      <subfield code="a">Leiden :</subfield>
      <subfield code="b">Dimensie,</subfield>
      <subfield code="c">1992.</subfield>
    </datafield>
    <datafield tag="300" ind1=" " ind2=" ">
      <subfield code="a">91 p. ;</subfield>
      <subfield code="c">21 cm.</subfield>
    </datafield>
    <datafield tag="336" ind1=" " ind2=" ">
      <subfield code="a">tekst</subfield>
      <subfield code="b">txt</subfield>
      <subfield code="2">rdacontent/dut</subfield>
    </datafield>
    <datafield tag="337" ind1=" " ind2=" ">
      <subfield code="a">zonder medium</subfield>
      <subfield code="b">n</subfield>
      <subfield code="2">rdamedia/dut</subfield>
    </datafield>
    <datafield tag="338" ind1=" " ind2=" ">
      <subfield code="a">band</subfield>
      <subfield code="b">nc</subfield>
      <subfield code="2">rdacarrier/dut</subfield>
    </datafield>
    <datafield tag="500" ind1=" " ind2=" ">
      <subfield code="a">Opl. van 1000 genummerde ex.</subfield>
    </datafield>
    <datafield tag="504" ind1=" " ind2=" ">
      <subfield code="a">Met lit. opg.</subfield>
    </datafield>
    <datafield tag="600" ind1="1" ind2="4">
      <subfield code="a">Ritter, P.H.</subfield>
      <subfield code="q">(Pierre Henri),</subfield>
      <subfield code="c">jr.,</subfield>
      <subfield code="d">1882-1962.</subfield>
      <subfield code="0">(NL-LeOCL)068805144</subfield>
    </datafield>
    <datafield tag="600" ind1="1" ind2="4">
      <subfield code="a">Coenen, Frans,</subfield>
      <subfield code="c">jr.,</subfield>
      <subfield code="d">1866-1936.</subfield>
      <subfield code="0">(NL-LeOCL)068382375</subfield>
    </datafield>
    <datafield tag="650" ind1=" " ind2="7">
      <subfield code="a">18.11 Dutch literature.</subfield>
      <subfield code="0">(NL-LeOCL)077612027</subfield>
      <subfield code="2">bcl</subfield>
    </datafield>
    <datafield tag="648" ind1=" " ind2="7">
      <subfield code="a">1910-1920.</subfield>
      <subfield code="0">(NL-LeOCL)241924847</subfield>
      <subfield code="2">gtt</subfield>
    </datafield>
    <datafield tag="648" ind1=" " ind2="7">
      <subfield code="a">1920-1930.</subfield>
      <subfield code="0">(NL-LeOCL)24192488X</subfield>
      <subfield code="2">gtt</subfield>
    </datafield>
    <datafield tag="648" ind1=" " ind2="7">
      <subfield code="a">1930-1940.</subfield>
      <subfield code="0">(NL-LeOCL)24192491X</subfield>
      <subfield code="2">gtt</subfield>
    </datafield>
    <datafield tag="600" ind1="1" ind2="7">
      <subfield code="a">Ritter, P.H.,</subfield>
      <subfield code="c">jr.,</subfield>
      <subfield code="d">1882-1962.</subfield>
      <subfield code="0">(NL-LeOCL)068805144</subfield>
      <subfield code="2">nta</subfield>
    </datafield>
    <datafield tag="600" ind1="1" ind2="7">
      <subfield code="a">Coenen, Frans,</subfield>
      <subfield code="d">1866-1936.</subfield>
      <subfield code="0">(NL-LeOCL)068382375</subfield>
      <subfield code="2">nta</subfield>
    </datafield>
    <datafield tag="655" ind1=" " ind2="7">
      <subfield code="a">Brieven (vorm)</subfield>
      <subfield code="2">gtt</subfield>
      <subfield code="0">(NL-LeOCL)088142167</subfield>
    </datafield>
    <datafield tag="700" ind1="1" ind2=" ">
      <subfield code="a">Coenen, Frans,</subfield>
      <subfield code="c">jr.,</subfield>
      <subfield code="d">1866-1936.</subfield>
      <subfield code="1">https://id.oclc.org/worldcat/entity/E39PBJpJbYcjxTfg8wfw6jrpfq</subfield>
    </datafield>
    <datafield tag="700" ind1="1" ind2=" ">
      <subfield code="a">Herpen, Jan J. van</subfield>
      <subfield code="q">(Jan Johannes),</subfield>
      <subfield code="d">1920-2008.</subfield>
      <subfield code="1">https://id.oclc.org/worldcat/entity/E39PBJqqvRRBKK8mByFWDV63Qq</subfield>
    </datafield>
    <datafield tag="758" ind1=" " ind2=" ">
      <subfield code="a">Een geest die iets te zeggen had (Text)</subfield>
      <subfield code="1">https://id.oclc.org/worldcat/entity/E39PCGWmfpjf3jHGbmCGWJcbQy</subfield>
      <subfield code="4">https://id.oclc.org/worldcat/ontology/hasWork</subfield>
    </datafield>
    <datafield tag="776" ind1="0" ind2=" ">
      <subfield code="t">Een geest die iets te zeggen had</subfield>
      <subfield code="w">(NL-LeOCL)411879138</subfield>
    </datafield>
    <datafield tag="936" ind1=" " ind2=" ">
      <subfield code="a">BATCHLOAD</subfield>
    </datafield>
  </record>